HER ŞEY VAKTİNİ BEKLER (Record no. 1156852)
[ view plain ]
| 000 -LEADER | |
|---|---|
| sabit uzunluktaki kontrol alanı | 00252nam a2200097Ia 4500 |
| 001 - KONTROL NUMARASI | |
| kontrol alanı | 1156852 |
| 005 - EN SON İŞLEMİN TARİH VE ZAMANI | |
| kontrol alanı | 20250827011230.0 |
| 008 - SABİT-UZUNLUKTA VERİ ÖĞELERİ--GENEL BİLGİ | |
| sabit uzunluktaki kontrol alanı | 250824s9999 xx 000 0 und d |
| 245 #0 - ESER / YAZAR | |
| ESER ADI | HER ŞEY VAKTİNİ BEKLER |
| Yazar Adı | HAKAN MENGÜÇ |
| 260 ## - YAYIN, DAĞITIM, VB. | |
| YAYIN EVİ | DESTEK YAYINLARI |
| Düşüm durumu | Kayıp durumu | Hasar Durumu | Ödünç verilmez | Ana kütüphane | Geçerli Kütüphane | Edinilen tarih | Toplam ödünç verme sayısı | Barkod | Son görüntüleme tarihi | Son ödünç verme tarihi | Fiyatın geçerli olmaya başladığı tarih | Koha materyal türü |
|---|---|---|---|---|---|---|---|---|---|---|---|---|
| BOSNA HERSEK ANADOLU İMAM HATİP LİSESİ | BOSNA HERSEK ANADOLU İMAM HATİP LİSESİ | 24.08.2025 | 3 | 10357722 | 23.12.2025 | 12.12.2025 | 27.08.2025 | Books |